A study of informal urban land transactions in Accra, Ghana (Record no. 102137)

MARC details
000 -LEADER
fixed length control field 00985cam a2200253 4500
008 - FIXED-LENGTH DATA ELEMENTS--GENERAL INFORMATION
fixed length control field 011015n2002 000 0 eng u
020 ## - INTERNATIONAL STANDARD BOOK NUMBER
International Standard Book Number 8842190865
020 ## - INTERNATIONAL STANDARD BOOK NUMBER
International Standard Book Number 1842190865
022 ## - INTERNATIONAL STANDARD SERIAL NUMBER
International Standard Serial Number 1464648X
035 ## - SYSTEM CONTROL NUMBER
System control number (Sirsi) u118396
050 ## - LIBRARY OF CONGRESS CALL NUMBER
Classification number 333.3209667
100 ## - MAIN ENTRY--PERSONAL NAME
Personal name Adarkwah, Antwi
245 #2 - TITLE STATEMENT
Title A study of informal urban land transactions in Accra, Ghana
260 ## - PUBLICATION, DISTRIBUTION, ETC.
Place of publication, distribution, etc. London
Name of publisher, distributor, etc. RICS Foundation
Date of publication, distribution, etc. 2002
300 ## - PHYSICAL DESCRIPTION
Extent 23p.
Dimensions 30cm.
490 ## - SERIES STATEMENT
Series statement RICS Foundation Our Common Estate Series
520 ## - SUMMARY, ETC.
Summary, etc. Reports on a survey of market participants in the capital of Ghana which revealed that informal land transactions both work and conform to basic economic principles. Concludes that future land policy and management strategy should focus on market led regulation.
650 ## - SUBJECT ADDED ENTRY--TOPICAL TERM
Topical term or geographic name entry element GHANA
650 ## - SUBJECT ADDED ENTRY--TOPICAL TERM
Topical term or geographic name entry element LAND SALES
650 ## - SUBJECT ADDED ENTRY--TOPICAL TERM
Topical term or geographic name entry element LAND TRANSACTIONS
690 ## - LOCAL SUBJECT ADDED ENTRY--TOPICAL TERM (OCLC, RLIN)
Topical term or geographic name as entry element PROPERTY LAW AND PRACTICE
710 ## - ADDED ENTRY--CORPORATE NAME
Corporate name or jurisdiction name as entry element Royal Institution of Chartered Surveyors
Subordinate unit Foundation
9 (RLIN) 4173
942 ## - ADDED ENTRY ELEMENTS (KOHA)
Suppress in OPAC 0
Holdings
Withdrawn status Lost status Source of classification or shelving scheme Damaged status Not for loan Home library Current library Shelving location Date acquired Total Checkouts Full call number Barcode Date last seen Copy number Price effective from Koha item type
    Dewey Decimal Classification     London London RICS Boxes 13/06/2002   RICS 2002/16 30066066 06/08/2019 1 06/08/2019 Archive
    Dewey Decimal Classification     London London RICS Boxes 13/06/2002   RICS 2002/16 30066067 06/08/2019 2 06/08/2019 Reference material
    Dewey Decimal Classification     London London RICS Boxes 13/06/2002   RICS 2002/16 30066068 06/08/2019 3 06/08/2019 Book